Crash Team Racing Tracks - Statistics

General Stats
  • This quiz has been taken 40 times
    34 since last reset
  • The average score is 12 of 17
Answer Stats
Answer % Correct
Tiny Arena
88%
Coco Park
84%
Cortex Castle
84%
Crash Cove
84%
Tiger Temple
84%
N. Gin Labs
80%
Papu's Pyramid
80%
Polar Pass
80%
Dingo Canyon
76%
Dragon Mines
76%
Oxide Station
76%
Roo's Tubes
72%
Hot Air Skyway
64%
Blizzard Bluff
60%
Sewer Speedway
60%
Mystery Caves
52%
Slide Coliseum
24%
No matching quizzes found
Score Distribution
Percent of People with Each Score
Percentile by Number Answered
Your Score History
You have not taken this quiz since the last reset